Top 10 Rodeos in the USA - Statistics

General Stats
  • This quiz has been taken 69 times
  • The average score is 3 of 10
Answer Stats
Answer % Correct
Cheyenne Frontier Days Rodeo
71%
Rodeo Houston
68%
Wrangler National Finals Rodeo
47%
Pendleton Round-Up
24%
Reno Rodeo
20%
World's Oldest Rodeo
17%
Ellensburg Rodeo
12%
Greeley Stampede
8%
Davie Pro Rodeo
3%
Bryce Canyon Country Rodeo
2%
No matching quizzes found
Score Distribution
Percent of People with Each Score
Percentile by Number Answered
Your Score History
You have not taken this quiz